Loading...
Kadha Barati Tamazh Cherukadhakal
| Main Author: | |
|---|---|
| Format: | Printed Book |
| Language: | Malayalam |
| Published: |
National Bk Trust, N. Delhi
National Book Trust
1971
|
| LEADER | 00438nam a2200121Ia 4500 | ||
|---|---|---|---|
| 008 | 111205s9999 xx 000 0 mal d | ||
| 100 | |a Leela Om Cheri | ||
| 245 | |a Kadha Barati Tamazh Cherukadhakal |c Leela Om Cheri | ||
| 260 | |b National Book Trust |a National Bk Trust, N. Delhi |c 1971 | ||
| 300 | |a 311 | ||
| 942 | |c BK | ||
| 999 | |c 216871 |d 216871 | ||
| 952 | |0 0 |1 0 |4 0 |7 0 |9 239718 |a MAL |b MAL |c ST1 |d 1989-11-30 |g 6.00 |l 0 |p MAL12390 |r 2015-04-13 |v 6.00 |w 2015-04-13 |y BK |k 1.00 | ||